| 000 | 00453pab a2200181 454500 | ||
|---|---|---|---|
| 008 | 180718b2003 xxu||||| |||| 00| 0 eng d | ||
| 100 | _aManocha, Lalita | ||
| 245 | _aImpact of changing family institutions on the care of aged, women and children | ||
| 260 | _c2003 | ||
| 300 | _ap.226-33. | ||
| 362 | _aJan-Jun | ||
| 650 | _aAgeing | ||
| 650 | _aChildren | ||
| 650 | _aWomen | ||
| 650 | _aElderly | ||
| 773 | _aIASSI Quarterly | ||
| 909 | _a60959 | ||
| 999 |
_c60959 _d60959 |
||